Die Kritik der Empfindsamkeit /

Bibliographic Details
Main Author: Doktor, Wolfgang, 1942-
Format: Book
Language:German
Published: Bern : Frankfurt/M : H. Lang ; P. Lang, 1975.
Series:Regensburger Beiträge zur deutschen Sprach- und Literaturwissenschaft. Untersuchungen ; Bd. 5.
Subjects:

MARC

Tag First Indicator Second Indicator Subfields
LEADER 00000cam a2200000 i 4500
001 in00000346821
005 20151011060059.0
008 760331s1975 sz b 00010 ger
010 |a  76456174  
015 |a Sw75-A-3490 
020 |a 3261009141 :  |c 67.80F 
035 |a (OCoLC)02165370 
035 |9 ABM4860AM 
040 |a DLC  |c DLC  |d TXA  |d UtOrBLW 
043 |a e-gx--- 
049 |a TXAM  |c [974043] 
050 0 0 |a PT295  |b .D6 
100 1 |a Doktor, Wolfgang,  |d 1942- 
245 1 4 |a Die Kritik der Empfindsamkeit /  |c Wolfgang Doktor. 
264 1 |a Bern :  |b H. Lang ;  |a Frankfurt/M :  |b P. Lang,  |c 1975. 
300 |a xv, 535 pages ;  |c 21 cm. 
336 |a text  |b txt  |2 rdacontent 
337 |a unmediated  |b n  |2 rdamedia 
338 |a volume  |b nc  |2 rdacarrier 
490 1 |a Regensburger Beitrage zur deutschen Sprach- und Literaturwissenschaft : Reihe B, Untersuchungen ;  |v Bd. 5 
504 |a Bibliography: pages 500-535. 
650 0 |a German literature  |y 18th century  |x History and criticism. 
650 0 |a Sentimentalism in literature. 
830 0 |a Regensburger Beiträge zur deutschen Sprach- und Literaturwissenschaft.  |n Reihe B,  |p Untersuchungen ;  |v Bd. 5. 
999 |a MARS 
999 f f |s 9251ff1b-a26e-3ca0-a278-2066b5fde23e  |i 8225cfd4-7df8-3abe-b20a-d13a3fa585ba  |t 0 
952 f f |p ric  |a Texas A&M University  |b Rellis Campus  |c Joint Library Facility  |d Remote Storage  |t 0  |e PT295 .D6  |h Library of Congress classification  |i unmediated -- volume  |m A14804138674 
998 f f |a PT295 .D6  |t 0  |l Remote Storage